000 00882nam a22002297a 4500
003 BD-DhJNU
005 20260420030000.0
008 260420b |||||||| |||| 00| 0 eng d
020 _a9789380732343
040 _aBD-DhJNU
_bENG
_cBD-DhJNU
_dBD-DhJNU
082 _223
_a801.93 VTM
100 _aভট্টাচার্য, রামকৃষ্ণ
242 _aMarxist aesthetics 1 /
_cRamkrishna Bhattacharya
245 _aমার্কসবাদ ও নন্দনতত্ত্ব ১ /
_cরামকৃষ্ণ ভট্টাচার্য
_h
246 _aMarrkrrisbad o ngndontttw 1
260 _aকলকাতা :
_bঅবভাস,
_c2022.
300 _a১৯২ পৃ. :
_bচিত্র ;
_c২২ সেমি.।
490 _vপর্ব ১
650 _aনন্দনতত্ত্ব
650 _aAesthetics
942 _2ddc
_cBK
_n0
999 _c2693
_d2693